Estadísticas para Países con más Fosfato en el Mundo

Haz click aquí para tomar la prueba!

Estadísticas generales

  • Esta prueba ha sido tomada 10 veces
  • La puntuación promedio es 11 de 15

Estadísticas de respuestas

HintRespuesta% Correcto
2China
100%
7Estados Unidos
100%
5Rusia
100%
13Australia
89%
14Irak
89%
11Arabia Saudi
78%
4
Argelia
78%
8Egipto
78%
1Marruecos
78%
6Sudáfrica
78%
12Senegal
67%
9Jordania
44%
10Perú
44%
3
Siria
44%
15Vietnam
33%

Distribución de puntuación

Porcentaje por número respondido

Porcentaje de gente con cada puntuación

Historial de tus puntuaciones

No has tomado esta prueba